|
|
|
|
| LEADER |
01159nam a2200253 a 4500 |
| 001 |
GR-MES2398 |
| 008 |
991111s1996 enk 000 b eng d |
| 020 |
|
|
|a 0520088905
|
| 040 |
|
|
|a GrPaTEI
|b gre
|c GR-PaULI
|
| 245 |
0 |
4 |
|a The forgiving air :
|b Understanding environmental change.
|
| 260 |
|
|
|a London :
|b University of California press,
|c 1996
|
| 300 |
|
|
|a xiv,195σ.
|
| 500 |
|
|
|a bibliography:p(181-190) and index
|
| 650 |
|
4 |
|a ΑΕΡΑΣ
|
| 650 |
|
4 |
|a ΚΛΗΜΑΤΟΛΟΓΙΚΕΣ ΣΥΝΘΗΚΕΣ
|
| 650 |
|
4 |
|a Μόλυνση
|
| 650 |
|
4 |
|a ΠΕΡΙΒΑΝΤΟΛΛΟΓΙΚΑ ΘΕΜΑΤΑ
|
| 700 |
1 |
|
|a Somerville, Richard
|
| 710 |
0 |
|
|a University of California press
|
| 942 |
|
|
|2 ddc
|
| 952 |
|
|
|0 0
|1 0
|2 ddc
|4 0
|6 363_739000000000000_2_SOM
|7 0
|9 266770
|a MSLG
|b MSLG
|c BSC
|d 2021-01-17
|e 24
|f 0
|g 0.00
|l 0
|o 363.739 2 SOM
|p 2420000013989
|r 2021-01-17 00:00:00
|t 1
|w 2021-01-17
|y BK15
|x 19991111 0 1
|x GrPaTEI
|
| 952 |
|
|
|0 0
|1 0
|2 ddc
|4 0
|6 363_739000000000000_2_SOM
|7 0
|9 266771
|a MSLG
|b MSLG
|c BSC
|d 2021-01-17
|e 24
|f 0
|g 0.00
|l 0
|o 363.739 2 SOM
|p 2420000014262
|r 2021-01-17 00:00:00
|t 1
|w 2021-01-17
|y BK15
|x 19991111 0 1
|x GrPaTEI
|
| 971 |
|
|
|a .b2573443x
|b 15-04-20
|c 13-09-16
|
| 999 |
|
|
|c 153510
|d 153510
|